| 000 | 00939nam a22003017a 4500 | ||
|---|---|---|---|
| 003 | CHAP | ||
| 005 | 20220329140632.0 | ||
| 008 | 971013s1950 r 00010 d | ||
| 010 | _a55126 | ||
| 011 | _a56098 | ||
| 035 | _a60251 | ||
| 040 | _cCHAP | ||
| 082 |
_a330.109 _bS55t |
||
| 100 | 0 | 0 |
_aSilva Herzog, Jesús. _9106007 |
| 245 | _aTres siglos de pensamiento económico. 1518-1817 | ||
| 260 |
_aMéxico, D. F. : _bFondo de Cultura Económica, _c1950 |
||
| 300 | _a316 p. | ||
| 504 | _aBibliografía | ||
| 590 |
_aBATCH-UPD _b10 _c20130110 _lUCH01 _h1610 |
||
| 590 |
_aBATCH-UPD _b10 _c20130410 _lUCH01 _h1005 |
||
| 590 |
_aBATCH-UPD _b10 _c20130914 _lUCH01 _h1231 |
||
| 590 |
_aCONVERSION _b10 _c20130109 _lUCH01 _h1330 |
||
| 650 | 1 | 4 |
_aEconomía _xHistoria. _935238 |
| 901 | _aBK | ||
| 942 | _cLIBRO | ||
| 949 |
_a330.109 S55t _bBC _cLIBRO _d-129931 _eLIBRO _i60251 _si |
||
| 949 |
_a330.109 S55t _bBC _cLIBRO _d-129932 _eLIBRO _fc.2 _i60251 _si |
||
| 999 |
_c55126 _d55126 |
||